[Event "HUN-chT2 Charousek 1819"]
[Site "Hungary"]
[Date "2019.03.31"]
[Round "10.3"]
[White "Karsa, Laszlo"]
[Black "Zentai, Peter1111"]
[Result "1/2-1/2"]
[WhiteElo "2337"]
[BlackElo "2292"]
[PlyCount "28"]
[EventDate "2018.09.23"]
[EventType "team-tourn"]
[EventRounds "11"]
[EventCountry "HUN"]
[SourceTitle "EXT 2021"]
[Source "ChessBase"]
[SourceDate "2020.10.23"]
[SourceVersion "1"]
[SourceVersionDate "2020.10.23"]
[SourceQuality "1"]
[WhiteTeam "Komlo Banyasz"]
[BlackTeam "Balatonfuered"]
[WhiteTeamCountry "HUN"]
[BlackTeamCountry "HUN"]

1. d4 d5 2. Nf3 Nf6 3. e3 c5 4. Bd3 Nc6 5. c3 e6 6. 0-0 Bd6 7. Nbd2 0-0 8. dxc5 Bxc5 9. e4 b6 10. Qe2 Bb7 11. e5 Nd7 12. Nb3 Be7 13. Re1 Nc5 14. Nxc5 bxc5 1/2-1/2

[Event "HUN-chT2 Charousek 1516"]
[Site "Hungary"]
[Date "2016.02.14"]
[Round "5.2"]
[White "Radnai, Adam"]
[Black "Karsa, Laszlo"]
[Result "0-1"]
[WhiteElo "2312"]
[BlackElo "2331"]
[PlyCount "106"]
[EventDate "2015.10.18"]
[EventType "team-tourn"]
[EventRounds "9"]
[EventCountry "HUN"]
[SourceTitle "EXT 2017"]
[Source "ChessBase"]
[SourceDate "2016.10.25"]
[SourceVersion "1"]
[SourceVersionDate "2016.10.25"]
[SourceQuality "1"]
[WhiteTeam "Budapest MTK"]
[BlackTeam "Komlo"]
[WhiteTeamCountry "HUN"]
[BlackTeamCountry "HUN"]

1. Nf3 Nf6 2. g3 g6 3. Bg2 Bg7 4. c4 0-0 5. 0-0 d5 6. cxd5 Nxd5 7. Nc3 Nxc3 8. bxc3 c5 9. Qa4 Nd7 10. Rb1 e5 11. d3 a6 12. Ng5 Rb8 13. Ne4 Qc7 14. Be3 b6 15. d4 b5 16. Qd1 Bb7 17. d5 h6 18. c4 b4 19. f4 f5 20. d6 Qc8 21. Nxc5 Nxc5 22. Bxb7 Rxb7 23. Qd5+ Qe6 24. Bxc5 Qxd5 25. cxd5 Rc8 26. Rxb4 Rd7 27. Rc4 exf4 28. Rfxf4 Be5 29. Bb4 Re8 30. Rc7 Rxc7 31. dxc7 Bxf4 32. gxf4 Kf7 33. Kf2 Rc8 34. Bd6 Ke8 35. Ke3 Kd7 36. Be5 g5 37. Kf3 Rg8 38. h3 Rg6 39. fxg5 hxg5 40. e4 fxe4+ 41. Kxe4 Rh6 42. Kf5 Rxh3 43. Kxg5 Ra3 44. Kf4 Rxa2 45. Ke3 Rc2 46. Kd3 Rc1 47. Bf4 Rf1 48. Bd6 Rd1+ 49. Kc2 Rxd5 50. Bf4 Rb5 51. Kc3 a5 52. Bd6 a4 53. Kc4 Rb1 0-1

[Event "HUN-chT2 Charousek 1516"]
[Site "Hungary"]
[Date "2015.12.06"]
[Round "4.2"]
[White "Karsa, Laszlo"]
[Black "Molnar, Bela"]
[Result "1/2-1/2"]
[WhiteElo "2331"]
[BlackElo "2296"]
[PlyCount "82"]
[EventDate "2015.10.18"]
[EventType "team-tourn"]
[EventRounds "9"]
[EventCountry "HUN"]
[SourceTitle "CBM 170 Extra"]
[Source "ChessBase"]
[SourceDate "2016.02.25"]
[SourceVersion "1"]
[SourceVersionDate "2016.02.25"]
[SourceQuality "1"]
[WhiteTeam "Komlo"]
[BlackTeam "Paks ASE II"]
[WhiteTeamCountry "HUN"]
[BlackTeamCountry "HUN"]

1. d4 Nf6 2. c4 g6 3. Nc3 Bg7 4. e4 d6 5. f3 0-0 6. Be3 Nc6 7. Nge2 a6 8. Nc1 e5 9. d5 Nd4 10. Nb3 Nxb3 11. Qxb3 Nh5 12. 0-0-0 f5 13. c5 Kh8 14. Kb1 Rf7 15. Rc1 Qf8 16. Na4 fxe4 17. fxe4 Nf6 18. cxd6 cxd6 19. Nb6 Rb8 20. Nxc8 Rxc8 21. Rxc8 Qxc8 22. Bd3 Ng4 23. Rc1 Rc7 24. Qb6 Rxc1+ 25. Bxc1 Bf8 26. h3 Nf6 27. Qf2 Be7 28. Bh6 Ng8 29. Be3 Qf8 30. Qxf8 Bxf8 31. b4 Nf6 32. Kc2 Be7 33. a4 Kg7 34. Kb3 Bd8 35. a5 Nd7 36. Ka4 Kf7 37. b5 axb5+ 38. Kxb5 Bh4 39. Bc2 Ke7 40. Bd1 Kd8 41. Bc2 Kc7 1/2-1/2

[Event "HUN-chT2 Charousek 1415"]
[Site "Hungary"]
[Date "2015.04.26"]
[Round "9"]
[White "Orosz, Andras1111"]
[Black "Karsa, Laszlo"]
[Result "1/2-1/2"]
[WhiteElo "2245"]
[BlackElo "2339"]
[PlyCount "97"]
[EventDate "2014.10.12"]
[EventType "team-tourn"]
[EventRounds "9"]
[EventCountry "HUN"]
[SourceTitle "EXT 2016"]
[Source "ChessBase"]
[SourceDate "2015.10.08"]
[SourceVersion "1"]
[SourceVersionDate "2015.10.08"]
[SourceQuality "1"]
[WhiteTeam "Gyor Elektromos"]
[BlackTeam "Komlo"]
[WhiteTeamCountry "HUN"]
[BlackTeamCountry "HUN"]

1. d4 Nf6 2. c4 e6 3. Nf3 d5 4. Nc3 Nbd7 5. Bg5 Be7 6. e3 0-0 7. Qc2 c6 8. cxd5 exd5 9. Bd3 Re8 10. 0-0 Nf8 11. h3 Be6 12. Rab1 Ne4 13. Bxe7 Rxe7 14. b4 Nxc3 15. Qxc3 Rc8 16. Rfc1 f6 17. a4 a6 18. Qb3 Nd7 19. Rc3 Nb6 20. Nd2 Qd6 21. Rbc1 Ra8 22. Rb1 Rc7 23. Qc2 g6 24. a5 Nc8 25. Nb3 Ne7 26. Nc5 Bf5 27. Re1 Rf8 28. f3 Bxd3 29. Rxd3 f5 30. Qf2 g5 31. Rdd1 Ng6 32. Nd3 Re7 33. Qd2 Rfe8 34. Kf2 Kg7 35. g3 h5 36. f4 g4 37. Ne5 Rh8 38. Rh1 Ree8 39. hxg4 hxg4 40. Kg2 Rxh1 41. Rxh1 Rh8 42. Rxh8 Nxh8 43. Qe1 Nf7 44. Nd3 Qh6 45. Qh1 Qxh1+ 46. Kxh1 Nd6 47. Nc5 Kf7 48. Kg2 Ke7 49. Kf2 1/2-1/2

[Event "HUN-chT2 Charousek 1415"]
[Site "Hungary"]
[Date "2015.03.22"]
[Round "8"]
[White "Karsa, Laszlo"]
[Black "Goczo, Melinda"]
[Result "1/2-1/2"]
[WhiteElo "2339"]
[BlackElo "2233"]
[PlyCount "37"]
[EventDate "2014.10.12"]
[EventType "team-tourn"]
[EventRounds "9"]
[EventCountry "HUN"]
[SourceTitle "EXT 2016"]
[Source "ChessBase"]
[SourceDate "2015.10.08"]
[SourceVersion "1"]
[SourceVersionDate "2015.10.08"]
[SourceQuality "1"]
[WhiteTeam "Komlo"]
[BlackTeam "Biatorbagy"]
[WhiteTeamCountry "HUN"]
[BlackTeamCountry "HUN"]

1. Nf3 d5 2. g3 Nf6 3. Bg2 c5 4. 0-0 g6 5. c4 d4 6. e3 Nc6 7. exd4 cxd4 8. Na3 Bg7 9. Rb1 a5 10. Nb5 0-0 11. d3 Nd7 12. Ng5 h6 13. Ne4 f5 14. Nd2 Nb4 15. Nb3 e5 16. a3 Nc6 17. a4 Nf6 18. c5 Be6 19. Re1 1/2-1/2

[Event "HUN-chT2 Charousek 1415"]
[Site "Hungary"]
[Date "2015.02.08"]
[Round "6"]
[White "Karsa, Laszlo"]
[Black "Almasi, Istvan"]
[Result "1/2-1/2"]
[WhiteElo "2339"]
[BlackElo "2388"]
[PlyCount "44"]
[EventDate "2014.10.12"]
[EventType "team-tourn"]
[EventRounds "9"]
[EventCountry "HUN"]
[SourceTitle "EXT 2016"]
[Source "ChessBase"]
[SourceDate "2015.10.08"]
[SourceVersion "1"]
[SourceVersionDate "2015.10.08"]
[SourceQuality "1"]
[WhiteTeam "Komlo"]
[BlackTeam "Tapolca"]
[WhiteTeamCountry "HUN"]
[BlackTeamCountry "HUN"]

1. d4 d5 2. Nf3 Nf6 3. c4 dxc4 4. e3 e6 5. Bxc4 a6 6. 0-0 b5 7. Bd3 c5 8. dxc5 Bxc5 9. a3 0-0 10. b4 Bd6 11. Bb2 Bb7 12. Nc3 Qe7 13. Qe2 Nbd7 14. Rfd1 Rfd8 15. h3 Rac8 16. Rac1 Ne5 17. Nxe5 Bxe5 18. Bb1 Ba8 19. Rxd8+ Rxd8 20. Nd1 Bb8 21. Bd4 Qb7 22. f3 Qd5 1/2-1/2

[Event "HUN-chT2 Charousek 1011"]
[Site "Hungary"]
[Date "2010.10.24"]
[Round "4"]
[White "Karsa, Laszlo"]
[Black "Pergel, Laszlo"]
[Result "1-0"]
[WhiteElo "2332"]
[BlackElo "2270"]
[PlyCount "60"]
[EventDate "2010.09.12"]
[EventType "team-tourn"]
[EventRounds "11"]
[EventCountry "HUN"]
[SourceTitle "EXT 2012"]
[Source "ChessBase"]
[SourceDate "2011.11.24"]
[SourceVersion "1"]
[SourceVersionDate "2011.11.24"]
[SourceQuality "1"]
[WhiteTeam "Pannonpower"]
[BlackTeam "Haladas II"]
[WhiteTeamCountry "HUN"]
[BlackTeamCountry "HUN"]

1. d4 Nf6 2. c4 e6 3. Nc3 Bb4 4. a3 Bxc3+ 5. bxc3 d5 6. cxd5 exd5 7. f3 0-0 8. e3 c5 9. Bd3 b6 10. Ne2 Ba6 11. 0-0 Bxd3 12. Qxd3 Re8 13. Ng3 cxd4 14. cxd4 Nc6 15. Bb2 Na5 16. Rae1 Qd7 17. e4 h6 18. e5 Nh7 19. f4 Qa4 20. Nf5 Qb3 21. Qe2 Nf8 22. Rf3 Qa4 23. Rg3 Ng6 24. Nd6 Nxf4 25. Qf3 Ne6 26. Qxf7+ Kh8 27. Rg6 Rf8 28. Qxe6 Qc2 29. Nf7+ Kh7 30. Rg3 Qxb2 1-0

[Event "HUN-chT2 Charousek 1011"]
[Site "Hungary"]
[Date "2010.09.12"]
[Round "1"]
[White "Karsa, Laszlo"]
[Black "Kosztolanczi, Gyula"]
[Result "1-0"]
[WhiteElo "2332"]
[BlackElo "2144"]
[PlyCount "55"]
[EventDate "2010.09.12"]
[EventType "team-tourn"]
[EventRounds "11"]
[EventCountry "HUN"]
[SourceTitle "EXT 2012"]
[Source "ChessBase"]
[SourceDate "2011.11.24"]
[SourceVersion "1"]
[SourceVersionDate "2011.11.24"]
[SourceQuality "1"]
[WhiteTeam "Pannonpower"]
[BlackTeam "Tapolca"]
[WhiteTeamCountry "HUN"]
[BlackTeamCountry "HUN"]

1. d4 Nf6 2. c4 g6 3. Nc3 Bg7 4. e4 d6 5. f3 0-0 6. Be3 Nc6 7. Nge2 a6 8. Nc1 e5 9. d5 Nd4 10. Nb3 Nxb3 11. Qxb3 Nh5 12. 0-0-0 Rb8 13. c5 dxc5 14. Bxc5 Qg5+ 15. Kb1 Rd8 16. g4 Bxg4 17. fxg4 Qxg4 18. Be2 Qh4 19. Bxh5 Qxh5 20. Ba7 Rbc8 21. Qxb7 f5 22. Qxa6 Ra8 23. Qe6+ Kh8 24. Bc5 Re8 25. Qf7 Rab8 26. exf5 Qf3 27. Rhf1 Qxc3 28. Qxe8+ 1-0

[Event "HUN-chT2 Charousek 0910"]
[Site "Hungary"]
[Date "2010.04.10"]
[Round "6"]
[White "Karsa, Laszlo"]
[Black "Forgo, Eva"]
[Result "1-0"]
[WhiteElo "2340"]
[BlackElo "2182"]
[PlyCount "47"]
[EventDate "2009.11.08"]
[EventType "team-tourn"]
[EventRounds "11"]
[EventCountry "HUN"]
[SourceTitle "EXT 2011"]
[Source "ChessBase"]
[SourceDate "2010.11.26"]
[SourceVersion "1"]
[SourceVersionDate "2010.11.26"]
[SourceQuality "1"]
[WhiteTeam "Pannonpower"]
[BlackTeam "Csuti II"]
[WhiteTeamCountry "HUN"]
[BlackTeamCountry "HUN"]

1. d4 d5 2. Nf3 Nf6 3. c4 c6 4. e3 e6 5. Bd3 Nbd7 6. 0-0 Be7 7. Nbd2 0-0 8. b3 Qc7 9. Bb2 dxc4 10. Nxc4 c5 11. Rc1 b5 12. Nce5 Qb6 13. dxc5 Bxc5 14. Qc2 h6 15. Nxd7 Nxd7 16. Rfd1 a6 17. Bh7+ Kh8 18. Be4 Ra7 19. b4 Bxb4 20. Bd4 Qb8 21. Qb2 Be7 22. Bxg7+ Kg8 23. Ne5 f6 24. Nc6 1-0

[Event "HUN-chT2 Charousek 0708"]
[Site "Hungary"]
[Date "2008.02.09"]
[Round "5"]
[White "Karsa, Laszlo"]
[Black "Rovid, Kalman"]
[Result "1/2-1/2"]
[WhiteElo "2345"]
[BlackElo "2296"]
[PlyCount "26"]
[EventDate "2007.10.14"]
[EventType "team"]
[EventRounds "11"]
[EventCountry "HUN"]
[SourceTitle "EXT 2009"]
[Source "ChessBase"]
[SourceDate "2008.11.26"]
[SourceVersion "1"]
[SourceVersionDate "2008.11.26"]
[SourceQuality "1"]
[WhiteTeam "Pannonpower"]
[BlackTeam "Haladas II"]
[WhiteTeamCountry "HUN"]
[BlackTeamCountry "HUN"]

1. Nf3 Nf6 2. c4 c5 3. Nc3 d5 4. cxd5 Nxd5 5. e3 Nc6 6. a3 Nxc3 7. bxc3 g6 8. d4 Bg7 9. Be2 0-0 10. 0-0 Qc7 11. a4 Rd8 12. Ba3 b6 13. Rc1 Bb7 1/2-1/2

[Event "HUN-chT2 Charousek 0708"]
[Site "Hungary"]
[Date "2007.11.25"]
[Round "3"]
[White "Karsa, Laszlo"]
[Black "Szabolcsi, Janos"]
[Result "1-0"]
[WhiteElo "2345"]
[BlackElo "2402"]
[PlyCount "63"]
[EventDate "2007.10.14"]
[EventType "team"]
[EventRounds "11"]
[EventCountry "HUN"]
[SourceTitle "EXT 2009"]
[Source "ChessBase"]
[SourceDate "2008.11.26"]
[SourceVersion "1"]
[SourceVersionDate "2008.11.26"]
[SourceQuality "1"]
[WhiteTeam "Pannonpower"]
[BlackTeam "Lovo"]
[WhiteTeamCountry "HUN"]
[BlackTeamCountry "HUN"]

1. Nf3 d5 2. c4 c6 3. b3 Bg4 4. Bb2 e6 5. e3 Nd7 6. Be2 Ngf6 7. 0-0 h6 8. d3 Be7 9. Nbd2 0-0 10. a3 a5 11. Nd4 Bxe2 12. Qxe2 Qb6 13. Rab1 Rfe8 14. Kh1 Bf8 15. f4 e5 16. fxe5 Nxe5 17. h3 Ned7 18. Qf3 g6 19. e4 Bg7 20. cxd5 cxd5 21. exd5 Qc5 22. Nc4 b5 23. b4 axb4 24. axb4 Qxd5 25. Qxd5 Nxd5 26. Nxb5 Bf8 27. Nbd6 Re2 28. Rxf7 Ne5 29. Bxe5 Bxd6 30. Rg7+ Kf8 31. Rf1+ Nf6 32. Bxf6 1-0

[Event "HUN-chT2 Charousek 0708"]
[Site "Hungary"]
[Date "2007.11.11"]
[Round "2"]
[White "Dory, Jeno"]
[Black "Karsa, Laszlo"]
[Result "1/2-1/2"]
[WhiteElo "2318"]
[BlackElo "2345"]
[PlyCount "40"]
[EventDate "2007.10.14"]
[EventType "team"]
[EventRounds "11"]
[EventCountry "HUN"]
[SourceTitle "EXT 2009"]
[Source "ChessBase"]
[SourceDate "2008.11.26"]
[SourceVersion "1"]
[SourceVersionDate "2008.11.26"]
[SourceQuality "1"]
[WhiteTeam "Gyor Elektromos"]
[BlackTeam "Pannonpower"]
[WhiteTeamCountry "HUN"]
[BlackTeamCountry "HUN"]

1. e4 e5 2. Nf3 Nc6 3. Bb5 a6 4. Ba4 Nf6 5. 0-0 Be7 6. Re1 b5 7. Bb3 d6 8. c3 0-0 9. d4 Bg4 10. d5 Na5 11. Bc2 c6 12. dxc6 Qc7 13. h3 Be6 14. Nbd2 Qxc6 15. Nf1 Nc4 16. Ng3 g6 17. a4 Rfe8 18. b3 Nb6 19. axb5 axb5 20. Bd2 Rxa1 1/2-1/2

[Event "HUN-chT2 Charousek 0607"]
[Site "Hungary"]
[Date "2006.12.17"]
[Round "4"]
[White "Dory, Jeno"]
[Black "Karsa, Laszlo"]
[Result "1-0"]
[WhiteElo "2335"]
[BlackElo "2367"]
[PlyCount "67"]
[EventDate "2006.11.12"]
[EventType "team"]
[EventRounds "11"]
[EventCountry "HUN"]
[SourceTitle "EXT 2008"]
[Source "ChessBase"]
[SourceDate "2007.11.25"]
[SourceVersion "1"]
[SourceVersionDate "2007.11.25"]
[SourceQuality "1"]
[WhiteTeam "Gyor Elektromos"]
[BlackTeam "Pannonpower"]
[WhiteTeamCountry "HUN"]
[BlackTeamCountry "HUN"]

1. e4 e5 2. Nf3 Nc6 3. Bb5 Nf6 4. 0-0 Nxe4 5. d4 a6 6. Ba4 b5 7. Bb3 d5 8. dxe5 Be6 9. Nbd2 Be7 10. c3 Nc5 11. Bc2 Qd7 12. Nb3 Bg4 13. Re1 Ne6 14. Qd3 Bh5 15. Nfd4 Ncxd4 16. cxd4 a5 17. f4 a4 18. f5 axb3 19. fxe6 fxe6 20. Qxb3 0-0 21. Qh3 Bg6 22. Bxg6 hxg6 23. Qg4 c5 24. Qxg6 cxd4 25. Bh6 Bb4 26. Red1 Rf5 27. a3 Bf8 28. Rac1 Rxe5 29. Qg3 Bd6 30. Rc6 Re1+ 31. Qxe1 Qxc6 32. Qxe6+ Kh8 33. Bf4 Rd8 34. Rd3 1-0

[Event "HUN-chT2 Charousek 0607"]
[Site "Hungary"]
[Date "2006.12.03"]
[Round "3"]
[White "Karsa, Laszlo"]
[Black "Nagy, Bence"]
[Result "0-1"]
[WhiteElo "2367"]
[BlackElo "2328"]
[PlyCount "46"]
[EventDate "2006.11.12"]
[EventType "team"]
[EventRounds "11"]
[EventCountry "HUN"]
[SourceTitle "EXT 2008"]
[Source "ChessBase"]
[SourceDate "2007.11.25"]
[SourceVersion "1"]
[SourceVersionDate "2007.11.25"]
[SourceQuality "1"]
[WhiteTeam "Pannonpower"]
[BlackTeam "Lovo"]
[WhiteTeamCountry "HUN"]
[BlackTeamCountry "HUN"]

1. Nf3 c5 2. c4 Nf6 3. Nc3 e6 4. e3 a6 5. d4 Bd6 6. Bd3 Nc6 7. 0-0 0-0 8. a3 Ne7 9. dxc5 Bxc5 10. b4 Ba7 11. Bb2 Ng6 12. Rc1 Qe7 13. c5 b6 14. cxb6 Bxb6 15. Na4 Ba7 16. Ne5 Bb7 17. Rc7 Bd5 18. Bxg6 hxg6 19. Nc3 Bb8 20. Nxd5 exd5 21. Nc6 Qd6 22. Be5 Qe6 23. Bxf6 dxc6 0-1

[Event "HUN-chT2 Charousek 0607"]
[Site "Hungary"]
[Date "2006.11.26"]
[Round "2"]
[White "Kincs, Imre"]
[Black "Karsa, Laszlo"]
[Result "0-1"]
[WhiteElo "2240"]
[BlackElo "2367"]
[PlyCount "64"]
[EventDate "2006.11.12"]
[EventType "team"]
[EventRounds "11"]
[EventCountry "HUN"]
[SourceTitle "EXT 2008"]
[Source "ChessBase"]
[SourceDate "2007.11.25"]
[SourceVersion "1"]
[SourceVersionDate "2007.11.25"]
[SourceQuality "1"]
[WhiteTeam "Penzugyor"]
[BlackTeam "Pannonpower"]
[WhiteTeamCountry "HUN"]
[BlackTeamCountry "HUN"]

1. d4 Nf6 2. c4 d6 3. Nf3 c6 4. Nc3 Nbd7 5. e4 Qc7 6. h3 g6 7. g4 Bg7 8. g5 Nh5 9. Be3 e5 10. Be2 0-0 11. dxe5 dxe5 12. Qd2 Re8 13. 0-0-0 Nf8 14. Bc5 Ne6 15. Bd6 Qa5 16. Kb1 Nd4 17. Qe3 Nf4 18. Bxe5 Ndxe2 19. Bxg7 Kxg7 20. Nxe2 Rxe4 21. Nxf4 Rxe3 22. fxe3 Bf5+ 23. Ka1 Be4 24. Rhf1 Bxf3 25. Rxf3 Qxg5 26. a3 Rd8 27. Rdf1 Rd2 28. e4 Qd8 29. Rb3 Rd1+ 30. Rxd1 Qxd1+ 31. Ka2 Qc1 32. Nd3 Qxc4 0-1